Multimedia Systems Design (Record no. 863)
[ view plain ]
| 000 -LEADER | |
|---|---|
| fixed length control field | 00754nam a22002297a 4500 |
| 008 - FIXED-LENGTH DATA ELEMENTS--GENERAL INFORMATION | |
| fixed length control field | 131119b xxu||||| |||| 00| 0 eng d |
| 020 ## - INTERNATIONAL STANDARD BOOK NUMBER | |
| International Standard Book Number | 81-203-2177 |
| 024 ## - OTHER STANDARD IDENTIFIER | |
| Terms of availability | Available |
| 037 ## - SOURCE OF ACQUISITION | |
| Terms of availability | Available |
| 040 ## - CATALOGING SOURCE | |
| Original cataloging agency | MBSTU Library |
| Modifying agency | MBSTU Library |
| 082 ## - DEWEY DECIMAL CLASSIFICATION NUMBER | |
| Edition number | 22 |
| Classification number | 006.7 ANM |
| 100 ## - MAIN ENTRY--PERSONAL NAME | |
| Personal name | Andleigh Prabhat k |
| 245 ## - TITLE STATEMENT | |
| Title | Multimedia Systems Design |
| 260 ## - PUBLICATION, DISTRIBUTION, ETC. (IMPRINT) | |
| Place of publication, distribution, etc. | New Delhi |
| Name of publisher, distributor, etc. | Printice Hall of India |
| Date of publication, distribution, etc. | 2005 |
| 300 ## - PHYSICAL DESCRIPTION | |
| Extent | 23.cm |
| Other physical details | 654Page |
| Type of unit | 06 |
| Size of unit | 23.cm |
| 600 ## - SUBJECT ADDED ENTRY--PERSONAL NAME | |
| Source of heading or term | Multimedia Systems |
| Personal name | Andleigh Prabhat k |
| 700 ## - ADDED ENTRY--PERSONAL NAME | |
| Personal name | Andleigh Prabhat k |
| 270 ## - ADDRESS | |
| Address | Printice Hall of India |
| City | New Delhi |
| Country | India |
| 365 ## - TRADE PRICE | |
| Price amount | 412.00 |
| Unit of pricing | 412.00 |
| 942 ## - ADDED ENTRY ELEMENTS (KOHA) | |
| Source of classification or shelving scheme | |
| Koha item type | Books |
No items available.
